| 000 | 00845nam a2200241 a 4500 | ||
|---|---|---|---|
| 001 | 13851 | ||
| 003 | BD-JhCC | ||
| 005 | 20240423115436.0 | ||
| 008 | 181026b20042007bg |||| ||a| 000 0 ben d | ||
| 020 | _a9843209060 | ||
| 035 | _a(BD-JhCC)13851 | ||
| 040 |
_aBD-JhCC _dBD-JhCC |
||
| 041 | _abengali | ||
| 082 |
_a297.1 _bAIU 2004 |
||
| 100 | _a আইউব,হাসান | ||
| 245 |
_aইসলামের সামাজিক আচরণ / _cহাসান আইউব, অনু: এ. এন. এম. সিরাজুল ইসলাম । _b |
||
| 260 |
_aঢাকা: _bআহসান পাবলিকেশন; _c2004. |
||
| 300 |
_a540 p. : _c22 cm. |
||
| 650 |
_aFaith _zAqeedah and Tawbah |
||
| 700 | _a ইসলাম, এ. এন. এম. সিরাজুল | ||
| 942 |
_2ddc _cBK |
||
| 999 |
_c13851 _d13851 |
||